VATAN YAHUT SİLİSTRE (Record no. 683824)

MARC details
000 -LEADER
sabit uzunluktaki kontrol alanı 00244nam a2200097Ia 4500
001 - KONTROL NUMARASI
kontrol alanı 683824
005 - EN SON İŞLEMİN TARİH VE ZAMANI
kontrol alanı 20250826161446.0
008 - SABİT-UZUNLUKTA VERİ ÖĞELERİ--GENEL BİLGİ
sabit uzunluktaki kontrol alanı 250824s9999 xx 000 0 und d
245 #0 - ESER / YAZAR
ESER ADI VATAN YAHUT SİLİSTRE
Yazar Adı NAMIK KEMAL
260 ## - YAYIN, DAĞITIM, VB.
YAYIN EVİ ANONİM YAYINLARI
Holdings
Düşüm durumu Kayıp durumu Hasar Durumu Ödünç verilmez Ana kütüphane Geçerli Kütüphane Edinilen tarih Toplam ödünç verme sayısı Barkod Son görüntüleme tarihi Fiyatın geçerli olmaya başladığı tarih Koha materyal türü Sınıflandırma Kaynağı veya raf şeması Tam yer numarası İade tarihi Son ödünç verme tarihi
        ADNAN AKGÜL ÖZEL EĞİTİM MESLEK LİSESİ ADNAN AKGÜL ÖZEL EĞİTİM MESLEK LİSESİ 24.08.2025   10181075 26.08.2025 26.08.2025 Books        
        SELÇUKLU ANADOLU LİSESİ SELÇUKLU ANADOLU LİSESİ 08.01.2026 3 10534931 15.04.2026 08.01.2026 Books Dewey Ondalık Sınıflama Z3 30.04.2026 15.04.2026